000 00624nam a2200217 a 4500
001 23332
003 CO-ViMGA
008 141112s2004 ck r 000 u spa d
020 _a9588281067
040 _aCO-ViMGA
_bspa
_cCO-ViMGA
082 0 4 _a624.1762 R623a
100 1 _aRochel, Robertol
_933639
245 1 0 _aAnalisis y diseño sismico de edificios
260 _aColombia :
_bEAFIT
300 _a277P.
650 1 4 _aCONSTRUCCIONES ANTISISMICAS - DISEÑO
_933640
650 1 4 _aDINAMICA DE ESTRUCTURAS
_933641
650 1 4 _aDISEÑO DE ESTRUCTURAS
_915141
650 1 4 _aINGENIERIA DE SISTEMAS
_97752
942 _2ddc
_cBK
999 _c31554
_d31554